| 000 | 00653nam a2200181Ia 4500 | ||
|---|---|---|---|
| 003 | OSt | ||
| 005 | 20200916104914.0 | ||
| 008 | 191128s2011 ck ao gr 000 0 spa d | ||
| 040 |
_aCO-JMCR _cCO-JMCR |
||
| 041 | 0 | _aspa | |
| 082 | 0 | 4 |
_a778 / _bS175s _223 |
| 245 | 0 | 0 |
_aSalón Tolimense de fotografía : _c21 años de historia / |
| 260 |
_aTolima : _bGobernación del Tolima : Museo de Arte del Tolima : Red Nacional de Museos, _c[2011] |
||
| 300 |
_a[58] páginas sin numerar : _bfotografías a blanco y negro ; _c22 cm. |
||
| 650 | 1 | 4 |
_aFotografía colombiana _910263 |
| 650 | 1 | 4 |
_aFotografía _xcolecciones _ySiglo XX _zColombia _910264 |
| 942 |
_2ddc _cBK |
||
| 999 |
_c4056 _d4056 |
||